000 00625nam a2200289Ia 4500
005 20260401122413.0
008 008 250103s9999 xx 000 0 eng d
020 _a9780631175353
037 _aTB
040 _aEDL
040 _beng
040 _cEDL
041 _2eng
041 _aeng
084 _a413.1 CAY
084 _qEDL
100 _aCaygill, Howard
_91233507
245 0 _aKant Dictionary
245 0 _cCaygill, Howard
260 _bBlackwell Publishing
260 _c2009
300 _a453p
942 _cTB
942 _h413.1 CAY
999 _c1847047
_d1847047